| 000 | 00829nam a22002417a 4500 | ||
|---|---|---|---|
| 003 | BUBTL | ||
| 008 | 240225b ||||| |||| 00| 0 eng d | ||
| 020 | _a9788120337923 | ||
| 041 | _aeng | ||
| 082 | _a658.5/ Su21l/ 2022 | ||
| 100 |
_95690 _aSudalaimuthu, S. |
||
| 245 |
_aLogistics Management for International Business: _bText and Cases _cS. Sadalaimuthu, S. Anthony Raj |
||
| 250 | _a1st ed. | ||
| 260 |
_aDelhi : _b PHI Learning Private Limited, _cc2022 |
||
| 300 |
_axvii, 384 p. : _c24 cm. |
||
| 500 | _aIncludes Index | ||
| 505 | _aLogistics Management for International Business, Logistics and Management, Logistics and Documentation, Transportation | ||
| 650 | 0 |
_939 _aManagement |
|
| 700 |
_95691 _aRaj, S. Anthony |
||
| 856 |
_k0 _l0 _yDownload |
||
| 942 |
_2ddc _cBK |
||
| 999 |
_c7227 _d7227 |
||